লোডিং...

History of Indian space programme

গ্রন্থ-পঞ্জীর বিবরন
প্রধান লেখক: Sreedharan, K.
বিন্যাস: Printed Book
ভাষা:English
প্রকাশিত: Kochi Kerala Sastra Sahitya Parishad 1999
সংস্করন:3rd
বিষয়গুলি:
LEADER 00668nam a2200253 a 4500
001 adlib96000001
003 ViArRB
005 20151026131727.0
008 960221s1955 dcuabcdjdbkoqu001 0deng d
020
022
040 |a Adlib 
082 |a 341.229(540):93=M 
245 |a History of Indian space programme 
250 |a 3rd 
260 |a Kochi  |b Kerala Sastra Sahitya Parishad  |c 1999 
300 |a 92p. 
500 |a   
100 |a Sreedharan, K. 
700
942 |c BK  |6 _ 
653 |a Space vehicles 
999 |c 33732  |d 33732 
952 |0 0  |1 0  |4 0  |6 34122954093M_SR  |7 0  |9 45386  |a UL  |b UL  |d 2010-06-16  |o 341.229(540):93=M SR  |p 00045538  |r 2010-06-16  |w 2010-06-16  |y BK